| 000 | 00570nam a22001937a 4500 | ||
|---|---|---|---|
| 005 | 20251108173056.0 | ||
| 008 | 250721s2001 xx 000 0 ara d | ||
| 082 | 1 | 4 | _aط/214.5/سعد |
| 100 | 1 | _aسعد، طه عبدالرءوف | |
| 245 | 1 | 0 | _aعذاب القبر ونعيمة / |
| 264 | 1 |
_aالقاهرة : _bمكتبة الصفا، _c2001. |
|
| 300 | _a80ص. | ||
| 650 | 1 | 7 | _aالعقيدة الدينية |
| 650 | 1 | 7 | _aالقبر |
| 650 | 1 | 7 | _aالحياة الأخرى |
| 653 | _aناشئون صغار(10-14سنة) | ||
| 942 |
_2ddc _cBK |
||
| 999 |
_c95503 _d95503 |
||